000 00926nas a2200289 4500
001 BR0706850
003 BR-BrBNA
005 20231205111314.0
007 ta
008 230509b bl.|||p| |||| 00| 00por d
040 _aBR-BrBNA
_bpor
_cBiblioteca Nacional de Agricultura
041 _a(Pt)
072 _aL40; L74
100 1 _aNunes, R. da C.
100 1 _aBandeira, M.N.
100 1 _aThomé, W.U.
100 1 _aConceição, M.
100 1 _aVieira, D.
245 1 _aUso de ferro dextrano e acesso controlado e livre à terra no desempenho e prevenção da anemia ferropriva dos leitões
650 _aANEMIA
650 _aSANGUE
650 _aFERRO
650 _aLEITÃO
773 0 _tAnais da Escola de Agronomia e Veterinária - Universidade Federal de Goiás (Brazil)
_xISSN 0100-218X
_g(Jan-Jun 1997), v. 27(1) p. 49-55
_wBR0706850
909 _a202311
_bLúcia
_c55
_dLúcia Elande
942 _2AGRIS
_n0
_cANA
999 _c191947
_d191947